000 00271nam a2200097Ia 4500
008 170620s9999 xx 000 0 und d
100 _aUpadhayay- R.K.
245 0 _aBhasha Gyanendriya Prashikshan Tatha Shekshik Kriyakalap
260 _bRadha Prakashan Mandir Agra-2
260 _c2010
300 _a192
999 _c27904
_d27904